ბათუმის შოთა რუსთაველის სახელმწიფო უნივერსიტეტის ბიბლიოთეკა

Расчет железобетонных конструкций по прочности, деформациям, образованию и раскрытию трещин. (ბიბ.ჩანაწერი № 47290)

000 -LEADER
fixed length control field 00958nam a2200217Ia 4500
001 - CONTROL NUMBER
control field 14150
003 - CONTROL NUMBER IDENTIFIER
control field GE_BSU
008 - FIXED-LENGTH DATA ELEMENTS--GENERAL INFORMATION
fixed length control field 181216s||||||||xx |||||||||||||| ||und||
040 ## - CATALOGING SOURCE
Transcribing agency GE_BSU
080 ## - UNIVERSAL DECIMAL CLASSIFICATION NUMBER
Universal Decimal Classification number 624.012.45.04
100 ## - MAIN ENTRY--PERSONAL NAME
Personal name Васильев,Б.Ф. Богаткин,И.Л. Залесов,А.С. Паньшин,Л.Л.
245 ## - TITLE STATEMENT
Title Расчет железобетонных конструкций по прочности, деформациям, образованию и раскрытию трещин.
245 ## - TITLE STATEMENT
Remainder of title Пособие для проектировщиков.
245 ## - TITLE STATEMENT
Statement of responsibility, etc. Под общей ред. Б.Ф.Васильева.
260 ## - PUBLICATION, DISTRIBUTION, ETC.
Place of publication, distribution, etc. М.
260 ## - PUBLICATION, DISTRIBUTION, ETC.
Name of publisher, distributor, etc. Стройиздат.
260 ## - PUBLICATION, DISTRIBUTION, ETC.
Date of publication, distribution, etc. 1965.
300 ## - PHYSICAL DESCRIPTION
Extent 414 стр. 22 см.
653 ## - INDEX TERM--UNCONTROLLED
Uncontrolled term Расчет железобетонных конструкций по прочности, деформациям, образованию и раскрытию трещин.
942 ## - ADDED ENTRY ELEMENTS (KOHA)
Koha item type წიგნი
ეგზემპლარები
Withdrawn status Lost status Damaged status Not for loan Date acquired Barcode Date last seen Price effective from Koha item type
        2018-12-17 9996 2018-12-17 2018-12-17 წიგნი